000
00335nam a2200133Ia 4500
008
240624s9999 xx 000 0 und d
041
_a
eng
082
_a
378.1 KAT
100
_a
KATS YEFIM
245
_a
LEARNING MANAGEMENT SYSTEMS AND INSTRUCT
260
_c
2013
_a
USA
_b
IGI Global
300
_a
xxiv, 441 p.; 26 cm.
365
_c
_b
38
999
_c
30571
_d
30571